| 000 | 00714nas a2200157 i 4500 | ||
|---|---|---|---|
| 001 | 173285 | ||
| 003 | ES-MaACL | ||
| 005 | 20230906215213.0 | ||
| 008 | 091124d18611862 | | ||pa d | ||
| 245 | 0 | 0 |
_aAnuario general del Comercio de la Industria y de las Profesiones; de la Magistratura y de la Administración ó Diccionario indicador de todos los habitantes de Madrid de las Provincias y Ultramar y de los de otras naciones que faciliten antecedentes ordenados / _cpor Luis Marty Caballero. |
| 260 |
_aMadrid : _b[s.n.], _c1861-62 ( _fImp. del Anuario) |
||
| 300 |
_a3 v. ; _c22 cm. |
||
| 651 | 4 |
_aMadrid- _vDirectorios. _9156678 |
|
| 700 | 1 |
_aMarty Caballero, Luis. _9129594 |
|
| 852 |
_aES-MaACL _jG-9974-76 |
||
| 999 |
_c173285 _d173285 |
||